LEADER 01063nam a2200253 i 4500 001 991001636769707536 008 060518s2005 it b 000 0 ita d 020 $a8814117144 035 $ab13403370-39ule_inst 040 $aDip.to Studi Giuridici$bita 082 0 $a 346.40 100 1 $aVettori, Giuseppe$0229393 245 10$aDiritto dei contratti e Costituzione europea :$bregole e principi ordinanti /$cGiuseppe Vettori 260 $aMilano :$bGiuffrè,$c2005 300 $aXI, 240 p. ;$c23 cm 504 $aContiene riferimenti bibliografici 650 04$aContratti$xDiritto comunitario 907 $a.b13403370$b02-04-14$c19-05-06 912 $a991001636769707536 945 $aLE025 ECO 346 VET01.01$g1$i2025000200999$lle025$o-$pE18.00$q-$rl$s- $t0$u1$v0$w1$x0$y.i14247501$z07-06-06 945 $aLE027 346.40 VET01.01$g1$i2027000121311$lle027$o-$pE18.00$q-$rl$s- $t0$u2$v5$w2$x0$y.i1423838x$z19-05-06 996 $aDiritto dei contratti e "Costituzione" europea$9713858 997 $aUNISALENTO 998 $ale025$ale027$b18-05-06$cm$da $e-$fita$git $h0$i2 LEADER 04789nam 22004815 450 001 9910554208303321 005 20230630000728.0 010 $a9783035622706 010 $a3035622701 024 7 $a10.1515/9783035622706 035 $a(CKB)4100000011789031 035 $a(DE-B1597)567151 035 $a(DE-B1597)9783035622706 035 $a(MiAaPQ)EBC6504076 035 $a(Au-PeEL)EBL6504076 035 $a(OCoLC)1240581756 035 $a(EXLCZ)994100000011789031 100 $a20210421h20212021 fg 101 0 $ager 135 $aur||||||||||| 181 $ctxt$2rdacontent 182 $cc$2rdamedia 183 $acr$2rdacarrier 200 10$aBerghotels 1890-1930: Südtirol, Nordtirol und Trentino $eBauten und Projekte von Musch & Lun und Otto Schmid /$fBettina Schlorhaufer; Touriseum - Südtiroler Landesmuseum für Tourismus 205 $a2 Bde im Schuber, zus. 608 S. 210 1$aBasel : $cBirkhäuser, $d[2021] 210 4$d©2021 215 $a1 online resource (608 p.) 311 08$a9783035622690 311 08$a3035622698 327 $tFrontmatter -- $tBand 1. Bettina Schlorhaufer -- $tInhalt -- $tAbkürzungen -- $tUmrechnung historischer Währungen in Euro -- $tVorwort -- $tEinleitung -- $tDank -- $t"Vergleichende Betrachtungen über den Fremdenverkehr ..." Grundlagen und räumliche Auswirkungen des Tourismus im 19. Jahrhundert mit besonderer Berücksichtigung Tirols -- $tDer "Verein für Alpenhotels in Tirol" und seine Akteure -- $tDas Berghotel Das Hotel als Bautyp und seine Entwicklung zum Berghotel in Südtirol -- $tResümee: Über den Anachronismus von Zeit und Zeitgeschmack in den Innenräumen der Berghotels -- $tEndnoten -- $tRegister -- $tBildnachweis -- $tImpressum -- $tFront Matter 2 -- $tBand 2. Bettina Schlorhaufer -- $tInhalt -- $tBauten und Projekte von Musch & Lun und Otto Schmid (in chronologischer Reihenfolge) - Allgemeines -- $tAbkürzungen -- $tUmrechnung historischer Währungen in Euro -- $t1892/1893 : Hotel Sulden für Theodor Christomannos und Otto Schmid, Sulden -- $t1893/1894 : Hotel des Alpes, Speisesaal, An- und Zubauten für Franz Österreicher, Madonna di Campiglio -- $t1893-1895 : Hotel Stötter für Carl Stötter, Sterzing -- $t1895 : Dolomiten-Hotel Weisslahnbad, Erweiterung und Anbau eines Speisesaales für den -- $t1894-1896 : Hotel Trafoi für den "Verein für Alpenhotels in Tirol", Trafoi -- $t1894-1896 : Hotel Karersee für den "Verein für Alpenhotels in Tirol", Welschnofen -- $t1896/1897 : Rosengartenhof für Anton Dejori, Karerpass -- $t1896-1899 : Hotel Pragser Wildsee für Eduard Hellenstainer, Prags -- $t1898-1900 : Hotel Plätzwiese für Hans Leipold, Prags -- $t1898-1900 : Pension Gudrunhausen für Marie Gröbner, Gossensass -- $t1900-1902 : Hotel Brennerbad für die Brennerbad-Gesellschaft, Brenner -- $t1900-1902? : Hotel und Pension Wenter für Amalie Wenter, Graun -- $t1900-1903 : Hotel Kitzbühel für den Hotelbauverein Kitzbühel, Kitzbühel -- $t1902-1904 : Hotel Stubai für Josef Riehl, Fulpmes -- $t1902 : Hotel Langguth für Ferdinand Langguth (Projekt), Brenner -- $t1905-1907 : Hotel Oberbozen (Hotel Holzner) für die Aktiengesellschaft Rittner Bahn, Oberbozen -- $t1907-1909 : Dolomitenhaus Canazei für den "Deutschen Verein für Dolomitenhäuser" -- $t1908 : Hotel (Projekt), St. Anton am Arlberg -- $tAnhang -- $tEndnoten -- $tRegister -- $tBildnachweis -- $tImpressum 330 $aUm 1890 ging mit der Entwicklung von Alpinismus und Tourismus der Bau von Unterkünften für die Liebhaber der Bergwelten Südtirols und seiner Nachbarregionen einher. In entlegenen Hochgebirgslandschaften entstanden Berghotels, die sich in den regionalen Kontext einfügten, zugleich aber auch Symbole politischer und wirtschaftlicher Raumbeanspruchung ihrer Erbauer darstellten. Die Architekturproduktion der Berghotels erfolgte auf der Basis innovativer Entwurfsmethoden in Serie oder mit einem Modulprogramm. Die Autorin untersucht die Genese des Bautyps vor dem Hintergrund des internationalen Hotelbaus: von der Entwurfspraxis über die künstlerische Interpretation von Leitideen bis zur Innenraumgestaltung - ausgehend von der Prämisse, dass das Hotel "eine Synthese von Klinik, Wagons-Lits und Maschine" ist (J. A.Lux). 606 $aARCHITECTURE / History / General$2bisacsh 615 7$aARCHITECTURE / History / General. 676 $a724.6 700 $aSchlorhaufer$b Bettina, $4aut$4http://id.loc.gov/vocabulary/relators/aut$0838234 702 $aTouriseum - Südtiroler Landesmuseum für Tourismus$b , $4edt$4http://id.loc.gov/vocabulary/relators/edt 801 0$bDE-B1597 801 1$bDE-B1597 906 $aBOOK 912 $a9910554208303321 996 $aBerghotels 1890-1930: Südtirol, Nordtirol und Trentino$92817879 997 $aUNINA LEADER 02622nam0 2200541 i 450 001 RMS0044957 005 20251003044343.0 010 $a8815061975 010 $a8815072152 020 $aIT$b98-4626 100 $a19971124d1997 ||||0itac50 ba 101 | $aita 102 $ait 181 1$6z01$ai $bxxxe 182 1$6z01$an 183 1$6z01$anc$2RDAcarrier 200 1 $aˆUna ‰storia infausta$el'Europa centrale e orientale dal 1917 al 1990$fJean-Marie Le Breton 210 $aBologna$cIl mulino$d\1997! 215 $a374 p.$cill.$d21 cm 225 | $aBiblioteca storica 300 $aTrad. di Roberta Ferrara. 410 0$1001CFI0001220$12001 $aBiblioteca storica 500 10$aˆL'‰Europe centrale et orientale de 1917 à 1990.$3RMS0044962$9RAVV049670$947217 606 $aEuropa centro-orientale$x1917-1990$2FIR$3CFIC094226$9I 676 $a909.82$9STORIA MONDIALE, 1900-1999$v23 676 $a940.5$9$v21 676 $a943$9STORIA DELL'EUROPA CENTRALE$v20 676 $a943$9STORIA. EUROPA CENTRALE GERMANIA$v21 676 $a943.000904$9STORIA DELL'EUROPA CENTRALE. 1900-1999$v20 676 $a943.000904$9STORIA. EUROPA CENTRALE. 20. sec.$v21 676 $a947$9STORIA DELL'EUROPA ORIENTALE$v19 676 $a947.000904$9$v21 676 $a947.084$9STORIA DELLA RUSSIA. 20. SECOLO E REGIME COMUNISTA, 1917-1991$v21 686 $aF.200.05$cIl mondo dalla prima alla seconda guerra mondiale (1914-1939). Europa. Paesi dell'Europa orientale$2CSH 700 1$aLe Breton$b, Jean Marie$3RAVV049670$4070$0141341 801 3$aIT$bIT-000000$c19971124 850 $aIT-BN0095 $aIT-AV0007 $aIT-NA0079 $aIT-NA0593 $aIT-AV0045 901 $bNAP MV$cE $nDEPOSITO LIBRARIO RELIGIONE SALA E 901 $bNAP BN$cMAGAZZINO $nmagazzini correnti divisi per anni 901 $bNAP BN$cS.MOD $nLa consegna dei documenti è effettuata dall'Ufficio Distribuzione 901 $bNAP AV$cSEZ. M 3 $n$ 901 $bNAP LS$cLS $n$ 901 $bNAP 01$cPOZZO LIB.$nVi sono collocati fondi di economia, periodici di ingegneria e scienze, periodici di economia e statistica e altri fondi comprendenti documenti di economia pervenuti in dono. 912 $aRMS0044957 950 0$aBiblioteca Centralizzata di Ateneo$c1 v.$d 01POZZO LIB.ECON MON 7171$e 0101 0700228145E VMA 1 v. (precedente collocazione 22 EC 814)$fB $h20220801$i20220801 977 $a 01$a AV$a BN$a LS$a MV 996 $aEurope centrale et orientale de 1917 à 1990$947217 997 $aUNISANNIO